Nanotechnology (Record no. 1852)

000 -LEADER
fixed length control field 00650nam a2200229 a 4500
001 - CONTROL NUMBER
control field 1852
003 - CONTROL NUMBER IDENTIFIER
control field BD-DhUET
008 - FIXED-LENGTH DATA ELEMENTS--GENERAL INFORMATION
fixed length control field 070131s2008 flua 001 0 eng
020 ## - INTERNATIONAL STANDARD BOOK NUMBER
International Standard Book Number 0849382076
040 ## - CATALOGING SOURCE
Original cataloging agency DLC
Transcribing agency DLC
Modifying agency BD-DhUET
082 ## - DEWEY DECIMAL CLASSIFICATION NUMBER
Classification number 620.5
Item number ROG/2008
100 ## - MAIN ENTRY--PERSONAL NAME
Personal name Rogers, Ben
245 10 - TITLE STATEMENT
Title Nanotechnology
Remainder of title understanding small systems
Statement of responsibility, etc. by Ben Rogers, Sumita Pennathur and Jesse Adams
250 ## - EDITION STATEMENT
Edition statement Ist ed.
260 ## - PUBLICATION, DISTRIBUTION, ETC. (IMPRINT)
Place of publication, distribution, etc. Boca Raton
Name of publisher, distributor, etc. CRC Press
Date of publication, distribution, etc. 2008
300 ## - PHYSICAL DESCRIPTION
Extent xvii, 398 p.
Other physical details ill.
Dimensions 27 cm.
490 1# - SERIES STATEMENT
Series statement Mechanical engineering series
650 #0 - SUBJECT ADDED ENTRY--TOPICAL TERM
Topical term or geographic name as entry element Nanotechnology
700 ## - ADDED ENTRY--PERSONAL NAME
Personal name Pennathur, Sumita
700 ## - ADDED ENTRY--PERSONAL NAME
Personal name Adams, Jesse
942 ## - ADDED ENTRY ELEMENTS (KOHA)
Koha item type General Book
Holdings
Koha renewals Withdrawn status Koha item type Koha date last seen Shelving location Price effective from Source of classification or shelving scheme Copy number Date acquired Koha issues (times borrowed) Lost status Piece designation (barcode) Koha full call number Koha normalized classification for sorting Location (home branch) Damaged status Koha date last borrowed Sublocation or collection (holding branch) Not for loan
  General Book2016-03-19Circulation section2014-09-14 12014-09-14  106313620.5/ROG/2008620_500000000000000_ROG_2008Central Library, BUET  Central Library, BUET 
1 General Book2021-12-26Circulation section2015-01-19 22015-01-192 106312620.5/ROG/2008620_500000000000000_ROG_2008Central Library, BUET 2019-03-13Central Library, BUET